EFL teachers' attitudes and preferences toward oral corrective feeback on speaking performance - a case at a University in the Mekong Delta : Master of education. Program Principles and methods in English language education
This study is an investigation into EFL teachers' attitudes and preferences toward oral corrective feeback on speaking performance at a University in the Mekong Delta
שמור ב:
| מחבר ראשי: | |
|---|---|
| פורמט: | ספר |
| שפה: | Undetermined |
| יצא לאור: |
Can Tho
Can Tho University
2016
|
| נושאים: | |
| תגים: |
הוספת תג
אין תגיות, היה/י הראשונ/ה לתייג את הרשומה!
|
| Thư viện lưu trữ: | Trung tâm Học liệu Trường Đại học Cần Thơ |
|---|
| LEADER | 01017nam a2200229Ia 4500 | ||
|---|---|---|---|
| 001 | CTU_213737 | ||
| 008 | 210402s9999 xx 000 0 und d | ||
| 082 | |a 428.2407 | ||
| 082 | |b H523 | ||
| 088 | |a 60140111 | ||
| 100 | |a Đoàn, Ngọc Ánh Huy | ||
| 245 | 0 | |a EFL teachers' attitudes and preferences toward oral corrective feeback on speaking performance - a case at a University in the Mekong Delta : | |
| 245 | 0 | |b Master of education. Program Principles and methods in English language education | |
| 245 | 0 | |c Đoàn Ngọc Ánh Huy ; Thái Công Dân (Supervisor) | |
| 260 | |a Can Tho | ||
| 260 | |b Can Tho University | ||
| 260 | |c 2016 | ||
| 520 | |a This study is an investigation into EFL teachers' attitudes and preferences toward oral corrective feeback on speaking performance at a University in the Mekong Delta | ||
| 650 | |a Tiếng Anh,English language | ||
| 650 | |x Dạy và học,Study and teaching | ||
| 904 | |i Nguyên | ||
| 980 | |a Trung tâm Học liệu Trường Đại học Cần Thơ | ||